It looks like you're offline.
Open Library logo
additional options menu

MARC record from Internet Archive

LEADER: 00494cam a22001810 4500
001 842531
008 720823s1916 bl por |
035 $a(Sirsi) AEW-8626
035 $a154686
040 $aOTU$bENG
090 19 $aLPor R1663u$bROBA$c1
100 20 $aOrtigão, Ramalho,$d1836-1915.
245 00 $aUltimas farpas.
260 0 $aRio de Janeiro,$bFrancisco Alves$c[1916]
300 $a340 p. port.
596 $a26
948 $a07/15/1992$b01/25/1993
926 $aROBARTS$bSTACKS$cLPor R1663u$dBOOK$f1